书目信息 |
| 题名: |
三杯茶
|
|
| 作者: | 葛瑞格·摩顿森 , 大卫·奥利佛·瑞林著= Three cups of tea ;黄玉华 译 | |
| 分册: | ||
| 出版信息: | 长春 吉林文史出版社 2014.04 |
|
| 页数: | 257页 | |
| 开本: | 20cm | |
| 丛书名: | ||
| 单 册: | ||
| 中图分类: | I712.45 | |
| 科图分类: | ||
| 主题词: | 文学 | |
| 电子资源: | ||
| ISBN: | 7-80702-715-0 | |
| 000 | 00813nam0 2200217 450 | |
| 001 | 1831902219 | |
| 005 | 20180523110033.37 | |
| 010 | @a7-80702-715-0@dCNY28.00 | |
| 100 | @a20180523d2014 km y0chiy0120 ea | |
| 101 | 0 | @achi |
| 102 | @aCN@b220000 | |
| 200 | 1 | @a三杯茶@Asan bei cha@f(美) 葛瑞格·摩顿森, 大卫·奥利佛·瑞林著= Three cups of tea ; 黄玉华译@F(mei)ge rui ge·mo dun sen,da wei·ao li fo·rui lin zhu=Three cups of tea;huang yu hua yi |
| 210 | @a长春@c吉林文史出版社@d2014.04 | |
| 215 | @a257页@d20cm | |
| 606 | 0 | @a文学 |
| 690 | @aI712.45@v4 | |
| 701 | 0 | @a葛瑞格·摩顿森@Age rui ge·mo dun sen |
| 701 | 0 | @a大卫·奥利佛·瑞林著= Three cups of tea@Ada wei·ao li fo·rui lin zhu=Three cups of tea |
| 702 | 0 | @a黄玉华@Ahuang yu hua@4译 |
| 801 | 0 | @aCN@bMUSE@c20180523 |
| 905 | @aMUSE@dI712.45@eG311 | |
| 三杯茶/(美) 葛瑞格·摩顿森, 大卫·奥利佛·瑞林著= Three cups of tea ; 黄玉华译.-长春:吉林文史出版社,2014.04 |
| 257页;20cm |
| ISBN 7-80702-715-0:CNY28.00 |
| ● |
| 相关链接 |
|
|
|
正题名:三杯茶
索取号:I712.45/G311
 
预约/预借
| 序号 | 登录号 | 条形码 | 馆藏地/架位号 | 状态 | 备注 |
| 1 | 1309260 | 213092605 | 文学库116/116文学库 26排1列5层/ [索取号:I712.45/G311] | 在馆 |